Iṅgrajī-Marāthī sthāpatya-śilpa-kośa. (Record no. 69971)

MARC details
000 -LEADER
fixed length control field 00602cam a22002171 4500
001 - CONTROL NUMBER
control field sa 66005515
003 - CONTROL NUMBER IDENTIFIER
control field DLC
005 - DATE AND TIME OF LATEST TRANSACTION
control field 20260227112249.0
008 - FIXED-LENGTH DATA ELEMENTS--GENERAL INFORMATION
fixed length control field 830909s1965 xx 000 0 hin
010 ## - LIBRARY OF CONGRESS CONTROL NUMBER
LC control number sa 66005515
035 ## - SYSTEM CONTROL NUMBER
System control number (OCoLC)16763646
040 ## - CATALOGING SOURCE
Original cataloging agency DLC
Transcribing agency OrPS
Modifying agency DLC
050 00 - LIBRARY OF CONGRESS CALL NUMBER
Classification number N33
Item number .M27
100 1# - MAIN ENTRY--PERSONAL NAME
Personal name Marāṭhe, Rāmacandra Vināyaka,
Dates associated with a name 1892-
245 10 - TITLE STATEMENT
Title Iṅgrajī-Marāthī sthāpatya-śilpa-kośa.
260 ## - PUBLICATION, DISTRIBUTION, ETC.
Date of publication, distribution, etc. 1965.
300 ## - PHYSICAL DESCRIPTION
Extent 2, 6, 290 p.
Other physical details illus.
Dimensions 26 cm.
500 ## - GENERAL NOTE
General note Romanized.
650 #0 - SUBJECT ADDED ENTRY--TOPICAL TERM
Topical term or geographic name entry element Art
General subdivision Dictionaries.
650 #0 - SUBJECT ADDED ENTRY--TOPICAL TERM
Topical term or geographic name entry element English language
General subdivision Dictionaries
-- Marathi.

No items available.

Powered by Koha